000 00334cam a2200133 a 4500
020 _a0333746198
040 _cUKM
082 0 4 _a914 MAC 1999 A102 Or.
100 1 _aClifton, Harry,
245 1 0 _aOn the spine of Italy :
_ba year in the Abbruzzi /
260 _aLondon :
_bMacmillan,
_c1999.
300 _a199 p. ;
_c23 cm.
942 _cEK
999 _c13823
_d13823